00359nam a2200145Ia 4500008004100000020001500041041001200056082001100068100001300079245005200092260003400144300000800178650001400186700001300200221030s9999 xx 000 0 und d a9380016214 aEnglish a105.23 aI. Singh 0aDigital Image Processingcby I. Singh, B. Singh bKhanna Pub.aNew Delhic2010 a510 aComputers aB. Singh